| 000 | 02736nam a2200613 a 4500 | ||
|---|---|---|---|
| 005 | 20240430111856.0 | ||
| 008 | 100317s1997||||sp d f |||| 001 0 spa d | ||
| 020 | _a9879649702 | ||
| 041 | _aspa | ||
| 092 |
_c616.075 _l4 _sASO |
||
| 100 | 1 |
_aAsociación Argentina de Hemoterapia e Inmunohematología _92916 |
|
| 245 |
_aManual técnico / _cAsociación Argentina de Hemoterapia e Inmunohematología |
||
| 250 |
_a12a ed. _bTraducción: Alejandro Kaufman y Diana Silvia Klajn |
||
| 260 |
_aBuenos Aires: _bAAHI; _c1997. |
||
| 300 | _a695 p. | ||
| 500 | _aAsociación Argentina de Hemoterapia e Inmunohematología. (1997). Manual Técnico. (12a ed.). Buenos Aires : AAHI. | ||
| 653 | _aGarantía de calidad | ||
| 653 | _aSeguridad | ||
| 653 | _aAdministración de la utilización de la sangre | ||
| 653 | _aSelección de donantes y extracción de sangre | ||
| 653 | _aExtracción y transfusión de sangre autóloga | ||
| 653 | _aHemaféresis | ||
| 653 | _aSangre y componentes | ||
| 653 | _aBiología molecular en medicina transfusional | ||
| 653 | _aGenética de los grupos sanguíneos | ||
| 653 | _aInmunología | ||
| 653 | _aReacciones antígeno-anticuerpo eritrocitarias y su detección | ||
| 653 | _aGrupos sanguíneos ABO, H y Lewis y antígenos relacionados estructuralmente | ||
| 653 | _aSistema RH | ||
| 653 | _aOtros grupos sanguíneos | ||
| 653 | _aSistema HLA | ||
| 653 | _aPruebas pretransfusionales | ||
| 653 | _aIdentificación de aloanticuerpos contra antígenos eritrocitarios | ||
| 653 | _aPAD positiva y destrucción ertrocitaria mediada por la inmunidad | ||
| 653 | _aPráctica en la transfusión de sangre | ||
| 653 | _aAdministración de sangre y componentes | ||
| 653 | _aPráctica transfusional obstétrica y perinatal | ||
| 653 | _aPrácticas transfusionales neonatales y pediátricas | ||
| 653 | _aCélulas tronco (stem cells) y progenitorias hematopoyéticas | ||
| 653 | _aBanco de tejidos y transplante de órganos | ||
| 653 | _aComplicaciones no infecciosas de la transfusión de sangre | ||
| 653 | _aComplicaciones infecciosas de la transfusión de sangre | ||
| 653 | _aMétodos generales de laboratorio | ||
| 653 | _aTipificación de eritrocitos | ||
| 653 | _aDetección de anticuerpos y pruebas de compatibilidad | ||
| 653 | _aTitulación de anticuerpos, identificación de aloanticuerpos y archivo de donantes raros | ||
| 653 | _aElución | ||
| 653 | _aHemólisis inmune, anticuerpos y drogas | ||
| 653 | _aEnfermedad hemolítica del recién nacido | ||
| 653 | _aPruebas de sangre de donantes | ||
| 653 | _aColección, almacenamiento y preparación de los componentes de la sangre | ||
| 653 | _aControl de calidad | ||
| 942 |
_2ddc _cBK |
||
| 999 |
_c2101 _d2101 |
||